00417nam a2200133Ia 4500008004100000020001800041100001600059245009700075250001100172260003400183300002100217650002200238650002300260191023s9999 xx 000 0 und d a9781133953371 aGopinath C. cC. Gopinath, Julie Siciliano.--aStrategize! experietial exercises in strategic management / a4th ed aUSA :bCengage Learningc2014 axiii, 202 pages. aBusiness Planning aStrategic Planning